kolęda "Przybieżeli do Betlejem" - uzupełnianka - Statystyki

Ogólne statystyki
  • Ten quiz został rozwiązany 1 073 razy
  • Średni wynik to 7 z 16
Statystyki odpowiedzi
Tekst zwrotki % Poprawnych
Przybieżeli do Betlejem {pasterze},
100%
grając skocznie Dzieciąteczku na {lirze}.
97%
Tobie z serca ochotnego, {o Boże}!
94%
Oddawali swe {ukłony} w pokorze
86%
Anioł {Pański} sam ogłosił te dziwy,
84%
Których oni nie słyszeli, {jak żywi}.
82%
Oto mu się wół i {osioł} kłaniają,
49%
i {myśleli}, co to będzie za Dziecię?
34%
Trzej królowie {podarunki} oddają.
29%
Dziwili się {napowietrznej} muzyce
28%
I z całego serca wszystko {kochamy}
13%
My go także Bogiem, Zbawcą {już znamy}
10%
Narodzonym dzisiaj Panem {łaskawym}
10%
I anieli {gromadą} pilnują
6%
Panna czysta wraz z Józefem {pilnują}
6%
Poznali Go {Mesjaszem} być prawym
4%
Nie znaleziono quizów pasujących do podanych kryteriów
Rozkład punktacji
Procent ludzi z każdym wynikiem
Percentyl według liczby udzielonych odpowiedzi
Twoja historia wyników
Nie rozwiązałeś tego quizu